Fr. Conceicao Rodrigues College of Engineering

A course of minerology (Record no. 19245)

MARC details
000 -LEADER
fixed length control field 00290nam a2200145Ia 4500
082 ## - DEWEY DECIMAL CLASSIFICATION NUMBER
Classification number 549
100 ## - MAIN ENTRY--PERSONAL NAME
Personal name Betekhtin/A
245 ## - TITLE STATEMENT
Title A course of minerology
260 ## - PUBLICATION, DISTRIBUTION, ETC.
Name of publisher, distributor, etc. Peace publishers
300 ## - PHYSICAL DESCRIPTION
Extent 642
546 ## - LANGUAGE NOTE
Language note ENGLISH
650 ## - SUBJECT ADDED ENTRY--TOPICAL TERM
Topical term or geographic name entry element General
654 ## - SUBJECT ADDED ENTRY--FACETED TOPICAL TERMS
Focus term Minerology
942 ## - ADDED ENTRY ELEMENTS (KOHA)
Koha item type BOOK
Holdings
Withdrawn status Lost status Damaged status Not for loan Collection Home library Current library Date acquired Cost, normal purchase price Inventory number Total Checkouts Full call number Barcode Date last seen Cost, replacement price Price effective from Koha item type
        AFT Fr. Agnel's C.Rodrigues College of Engineering Fr. Agnel's C.Rodrigues College of Engineering 17/03/2023 9.60 P.P.H.5974   549 AFT1363 17/03/2023 9.60 17/03/2023 BOOK